General Knowledge Quiz 206 - Statistics

General Stats
  • This quiz has been taken 55 times
  • The average score is 4 of 11
Answer Stats
Hint Answer % Correct
In what borough is the New York Stock Exchange? Manhattan
82%
What type of boat has two hulls of equal size? Catamaran
76%
In what country was the historical region of Aquitaine located? France
51%
The Tibetan name for it is Qomolangma, what is it called in English? Mt Everest
35%
Where do pelagic birds live? Open seas and oceans
35%
Around which sea was the Vandal Kingdom located? Mediterranean
31%
What is the term for a rectangular military formation, particularly in Ancient Greece? Phalanx
31%
What is the most dire Red List of Threatened Species category a species can be in? Extinct
24%
What empire controlled South Asia prior to the mid 19th century? Mughal
12%
Who starred in Love is in the Air, Dark Victory, and The Bad Man, but is now remembered for entirely different reasons? Ronald Reagan
8%
What plant is used as the logo for Encyclopædia Britannica? Thistle
8%
No matching quizzes found
Score Distribution
Percent of People with Each Score
Percentile by Number Answered
Your Score History
You have not taken this quiz